| 000 | 00566nam a22001937a 4500 | ||
|---|---|---|---|
| 003 | OSt | ||
| 005 | 20160315181819.0 | ||
| 008 | 160315s2016 spc ||||||||| 000 0 spa|d | ||
| 020 | _a9788475849942 | ||
| 040 |
_bcat _cCDMR |
||
| 100 | 1 | _aCascajosa Virino, Concepción | |
| 245 | 1 | 3 |
_aLa Cultura de las series _cConcepción Cascajosa Virino |
| 260 |
_aBarcelona _bLaertes _c2016 |
||
| 300 |
_a308 p. ; _c23 cm |
||
| 504 | _aBibliografia | ||
| 650 | 0 |
_aSèries televisives _xAspectes socials _93804 |
|
| 650 | 0 |
_aSèries televisives _zEspanya _2lemac _93804 |
|
| 942 | _cMON | ||
| 999 |
_c6917 _d6917 |
||